000 00289nam a22001337a 4500
008 170401b xxu||||| |||| 00| 0 eng d
020 _a9780321598707
041 _aeng
080 _a617
100 _a9
101 _aSHM
245 _aENVIRONMENTAL SCIENCE
_cBOORSE, D.F
942 _2udc
_cBK
999 _c9390
_d9390